000 00379 a2200169 4500
001 71356
020 _a8516008150
040 _cAnchieta - Colégio São Paulo
100 _aFurnari, Eva
240 1 0 _aO amigo da bruxinha
_lpor
245 1 0 _aO amigo da bruxinha
300 _a32
362 0 _a1993
440 1 _aModerna
650 4 _aLiteratura infanto-juvenil
942 _cBK
999 _c71356
_d71356